000 00993nam a2200253Ia 4500
003 OSt
005 20220918110734.0
006 a|||||r|||| 00| 0
007 ta
008 220915b |||||||| |||| 00| 0 hin d
020 _c250
024 _a246924
037 _b456, 24/03/2008, Swaraj Prakashan
_cReference Collections
040 _aARTS
_cARTS
_bhin
041 _2hin
_ahin
082 _aP111:(W,8):4k, 152P7(RR)
100 _aपरमहंस, एस.पी., संपा.
_99313
245 0 _aअंग्रेजी हिन्दी राजभाषा प्रयोगकोश
246 _aAangrejī hindī rājabhāṣhā prayogakosha
260 _aदिल्ली
_bजगतराम एण्ड सन्स भारत
_c2007
300 _a256पृ0
942 _hP111:(W,8):4k, 152P7(RR)
_cREF
999 _c114393
_d114393